| 000 | 00862cam a22002655a 4500 | ||
|---|---|---|---|
| 001 | 17851233 | ||
| 005 | 20160523151123.0 | ||
| 008 | 130814s2014 enk frd f000 0 eng d | ||
| 020 | _a9780199664931 | ||
| 040 |
_aDLC _beng _cDLC _dEG-ScBUE |
||
| 082 | 0 | 4 |
_222 _a332.03 _bDIC |
| 245 | 0 | 2 | _aA dictionary of finance and banking. |
| 250 | _a5th ed. | ||
| 260 |
_aOxford : _bOxford University Press, _c2014. |
||
| 300 |
_aviii, 491 p. ; _c20 cm. |
||
| 490 | 0 | _aOxford paperback reference. | |
| 500 | _a"Editor of the fourth and fifth editions, Jonathan Law"--Preliminary page. | ||
| 500 | _aThe indispensable A-Z guide to fiscal terminology. | ||
| 650 | 7 |
_aFinance _vDictionaries. _2BUEsh _919576 |
|
| 650 | 7 |
_aBanks and banking _vDictionaries. _2BUEsh _940073 |
|
| 651 | _2BUEsh | ||
| 653 |
_bEEENG _cMay2016 |
||
| 700 | 1 |
_aLaw, Jonathan. _97244 |
|
| 942 | _2ddc | ||
| 999 |
_c21803 _d21775 |
||